000 01051cab a2200241 4500
001 ABS38976
008 090401t1988 xxu||||| |||| 00| 0 eng d
035 _a(Sirsi) u13574
041 _aeng
245 _aCentrefolio : Dover , Ashford , Medway towns, Maidstone and Kent roundup
260 _c1988
350 _a0
490 _aChartered Surveyor Weekly
_v22(9) 3 March 1988, 35-53(7)
520 _aReports on the office and industrial market s in Dover, Ashford and the Medway towns, describing the effect of the Channel Tunnel on development . The section on Maidstone concentrates on activity in the retail sector and the roundup includes information on Folkestone and Tunbridge Wells . Office, industrial and shop rents for Chatham , Dover, Maidstone, Rochester and Ashford are listed where applicable.
650 _aGILLINGHAM
650 _aINDUSTRIAL RENTS
650 _aM20
650 _aOFFICE RENTS
650 _aSTROOD
690 _aPROPERTY-COMMERCIAL PROPERTY-COMMERCIAL PROPERTY MARKET
942 _n0
948 _c04/03/1997
999 _c8744
_d8744